International Journal of Oral & maxillofacial Implant (Record no. 30337)

MARC details
000 -LEADER
fixed length control field 00236nam a22000977a 4500
003 - CONTROL NUMBER IDENTIFIER
control field SGT
245 ## - TITLE STATEMENT
Title International Journal of Oral & maxillofacial Implant
260 ## - PUBLICATION, DISTRIBUTION, ETC. (IMPRINT)
Name of publisher, distributor, etc Quintessence Publisher
Year of Publication 2021
300 ## - PAGE DESCRIPTION
No. of Pages 597,1254
942 ## - ADDED ENTRY ELEMENTS (KOHA)
Source of classification or shelving scheme Dewey Decimal Classification
Koha item type Back Volumes
Holdings
Withdrawn status Lost status Source of classification or shelving scheme Damaged status Use restrictions Not for loan Home library Current library Date acquired Volume Information (Serial or Books or Non-Book Material) SGTU Accession No. (Barcode) Date last seen Bill Date Koha item type
    Dewey Decimal Classification   Restricted Access Not For Loan SGT Dental Library SGT Dental Library 20/03/2025 Vol.36 (1-3) SGTU PD1304 20/03/2025 20/03/2025 Back Volumes
    Dewey Decimal Classification   Restricted Access Not For Loan SGT Dental Library SGT Dental Library 20/03/2025 Vol.36 (1-4) SGTU PD1305 20/03/2025 20/03/2025 Back Volumes